000 00409nam a2200169Ia 4500
005 20250508151021.0
008 008 250505s9999 xx 000 0 eng d
037 _aTextual
040 _aFEDL
_beng
_cFEDL
041 _aeng
_2eng
084 _aB, TAG
_qFEDL
100 _aTagore
245 0 _aLectures and addressing
300 _a160p.
942 _cTEXL
_hB, TAG
999 _c1327076
_d1327076